000 00243nam a22001097a 4500
008 170117b xxu||||| |||| 00| 0 eng d
020 _a9780801601286
041 _aeng
080 _a618.2
245 _aPASS CCRN
_cDENNISON, R.D
942 _2udc
_cBK
999 _c2986
_d2986